| 000 | 00360nam a2200133Ia 4500 | ||
|---|---|---|---|
| 999 |
_c3044 _d3044 |
||
| 008 | 200103s 1958 ||||xx |||||||||||||| ||und|| | ||
| 082 |
_a546.3 _bBOL |
||
| 100 | _aBolz, Roger W. | ||
| 245 | 0 | _aASME Handbook metals Engineering Processes | |
| 250 | _a1st Ed. | ||
| 260 |
_bMcGraw-Hill Book Company _c1958 _aNew York |
||
| 300 | _axv, 423p. | ||
| 942 | _cBK | ||